[Event "Warsaw Independence Rapid op"]
[Site "Warsaw"]
[Date "2024.11.11"]
[Round "2"]
[White "Safanowski, Tomasz"]
[Black "Jakubowski, Krzysztof"]
[Result "0-1"]
[WhiteElo "1828"]
[BlackElo "2444"]
[PlyCount "92"]
[EventDate "2024.11.11"]
[EventType "swiss (rapid)"]
[EventRounds "9"]
[EventCountry "POL"]
[SourceTitle "CB47_2024"]
[SourceDate "2024.11.20"]
[SourceVersion "1"]
[SourceVersionDate "2024.11.20"]
[SourceQuality "1"]

1. e4 c5 2. Nc3 Nc6 3. f4 g6 4. Nf3 Bg7 5. Bb5 Nd4 6. Nxd4 cxd4 7. Ne2 Nf6 8. Bd3 Qb6 9. b3 d6 10. Bb2 e5 11. fxe5 dxe5 12. Ba3 Bg4 13. 0-0 Nxe4 14. Qe1 Nc5 15. Qf2 0-0 16. Ng3 Nxd3 17. cxd3 Qa6 18. Bxf8 Rxf8 19. h3 Bd7 20. Ne4 Qxd3 21. Nc5 Qb5 22. Nxd7 Qxd7 23. d3 Rc8 24. Kh1 Rc3 25. Qe2 b5 26. Qe4 f5 27. Qa8+ Rc8 28. Qf3 h5 29. g4 hxg4 30. hxg4 f4 31. Rac1 Rc3 32. Rxc3 dxc3 33. Kg2 b4 34. Qa8+ Bf8 35. Qf3 Bc5 36. Kh3 Kg7 37. Qe4 Qd4 38. Qxd4 Bxd4 39. Rc1 Be3 40. Rc2 f3 41. Kg3 f2 42. Kg2 Kf6 43. a3 a5 44. axb4 axb4 45. Ra2 Kg5 46. Ra6 c2 0-1

[Event "Warsaw YMCA Winter-A 271st"]
[Site "Warsaw"]
[Date "2023.01.13"]
[Round "1"]
[White "Terkiewicz, Bruno"]
[Black "Safanowski, Tomasz"]
[Result "1-0"]
[WhiteElo "1769"]
[BlackElo "1704"]
[PlyCount "73"]
[EventDate "2023.01.13"]
[EventType "tourn"]
[EventRounds "11"]
[EventCountry "POL"]
[SourceTitle "EXT 2024"]
[Source "ChessBase"]
[SourceDate "2023.10.10"]
[SourceVersion "1"]
[SourceVersionDate "2023.10.10"]
[SourceQuality "1"]

1. e4 e5 2. Nf3 d6 3. d4 Nc6 4. dxe5 dxe5 5. Qxd8+ Kxd8 6. Bc4 Be6 7. Bxe6 fxe6 8. Be3 Bd6 9. Nbd2 Nf6 10. 0-0-0 Ke7 11. h3 h6 12. Ne1 b5 13. c3 Na5 14. Nd3 Nd7 15. b4 Nc4 16. Nxc4 bxc4 17. Nb2 a5 18. a3 axb4 19. axb4 Ra3 20. Kc2 Ra2 21. Ra1 Rha8 22. Rxa2 Rxa2 23. Kb1 Ra3 24. Rc1 c5 25. Nxc4 Ra4 26. Rd1 Bc7 27. Kb2 cxb4 28. Kb3 Ra8 29. cxb4 Kd8 30. Bb6 Rb8 31. Nxe5 Rxb6 32. Nxd7 Rd6 33. Rxd6 Bxd6 34. Nc5 Ke7 35. Kc4 h5 36. b5 g5 37. b6 1-0

[Event "Warsaw YMCA Autumn-A 266th"]
[Site "Warsaw"]
[Date "2022.09.30"]
[Round "7"]
[White "Nocek, Dominik"]
[Black "Safanowski, Tomasz"]
[Result "0-1"]
[WhiteElo "1627"]
[BlackElo "1708"]
[PlyCount "84"]
[EventDate "2022.09.30"]
[EventType "tourn"]
[EventRounds "13"]
[EventCountry "POL"]
[SourceTitle "EXT 2024"]
[Source "ChessBase"]
[SourceDate "2023.10.10"]
[SourceVersion "1"]
[SourceVersionDate "2023.10.10"]
[SourceQuality "1"]

1. e4 e5 2. Nf3 Nc6 3. Bb5 Nf6 4. 0-0 d6 5. Re1 Be7 6. c3 Bd7 7. d4 a6 8. Ba4 b5 9. Bc2 Bg4 10. d5 Na5 11. Nbd2 c5 12. b3 0-0 13. h3 Bh5 14. Nf1 Qc7 15. g4 Bg6 16. Ng3 c4 17. b4 Nb7 18. Be3 a5 19. a3 axb4 20. axb4 Rxa1 21. Qxa1 Nxd5 22. h4 Nxe3 23. Rxe3 f6 24. h5 Bf7 25. Nf5 Bd8 26. N3h4 Qc6 27. Rg3 d5 28. exd5 Bxd5 29. Qb1 Re8 30. Nh6+ gxh6 31. Bxh7+ Kf8 32. Qg6 f5 33. Qxf5+ Qf6 34. Qd7 Qf7 35. Qxb5 Bxh4 36. Bg6 Qe6 37. Bxe8 Bxg3 38. Bd7 Qf7 39. Bf5 Bh4 40. Qa6 Kg7 41. Qb6 Be7 42. f4 Nd6 0-1

[Event "Warsaw YMCA Autumn-A 266th"]
[Site "Warsaw"]
[Date "2022.09.30"]
[Round "10"]
[White "Safanowski, Tomasz"]
[Black "Pettersson, Alexander"]
[Result "1/2-1/2"]
[WhiteElo "1708"]
[BlackElo "1849"]
[PlyCount "56"]
[EventDate "2022.09.30"]
[EventType "tourn"]
[EventRounds "13"]
[EventCountry "POL"]
[SourceTitle "EXT 2024"]
[Source "ChessBase"]
[SourceDate "2023.10.10"]
[SourceVersion "1"]
[SourceVersionDate "2023.10.10"]
[SourceQuality "1"]

1. Nf3 Nf6 2. c4 e6 3. Nc3 d5 4. cxd5 exd5 5. d3 c6 6. g3 Bd6 7. Bg2 0-0 8. 0-0 Re8 9. Re1 Bg4 10. Rb1 Nbd7 11. b4 a6 12. a4 h6 13. Be3 Ne5 14. Nd4 Qd7 15. Qd2 Bf8 16. Nb3 Bxb4 17. Bc5 Bxc3 18. Qxc3 Qc7 19. a5 Nfd7 20. h3 Nxc5 21. Nxc5 Bc8 22. e4 d4 23. Qb4 Rd8 24. Rec1 Nd7 25. Na4 Ne5 26. Nc5 Nd7 27. Nb3 Ne5 28. Nc5 Nd7 1/2-1/2

[Event "Warsaw YMCA Autumn-A 266th"]
[Site "Warsaw"]
[Date "2022.09.30"]
[Round "5"]
[White "Terkiewicz, Bruno"]
[Black "Safanowski, Tomasz"]
[Result "1-0"]
[WhiteElo "1846"]
[BlackElo "1708"]
[PlyCount "61"]
[EventDate "2022.09.30"]
[EventType "tourn"]
[EventRounds "13"]
[EventCountry "POL"]
[SourceTitle "EXT 2024"]
[Source "ChessBase"]
[SourceDate "2023.10.10"]
[SourceVersion "1"]
[SourceVersionDate "2023.10.10"]
[SourceQuality "1"]

1. e4 e6 2. d4 d5 3. Nd2 Nf6 4. e5 Nfd7 5. Bd3 b6 6. Nh3 Ba6 7. Bxa6 Nxa6 8. 0-0 c5 9. c3 cxd4 10. cxd4 Nb4 11. Qg4 g6 12. Nf3 h6 13. Nf4 Be7 14. Nxe6 fxe6 15. Qxg6+ Kf8 16. Bxh6+ Rxh6 17. Qxh6+ Kf7 18. Qh7+ Kf8 19. a3 Na6 20. Ng5 Bxg5 21. f4 Bf6 22. f5 Qe7 23. Qg6 Qf7 24. exf6 Nxf6 25. Qh6+ Qg7 26. Qf4 Ne4 27. f6 Qg6 28. Rac1 Rd8 29. Qe5 Rd6 30. f7 Rd8 31. Qh8+ 1-0

[Event "Warsaw YMCA Summer-A 261st"]
[Site "Warsaw"]
[Date "2022.07.22"]
[Round "5"]
[White "Moskwinski, Marek"]
[Black "Safanowski, Tomasz"]
[Result "1/2-1/2"]
[WhiteElo "1856"]
[BlackElo "1671"]
[PlyCount "22"]
[EventDate "2022.06.29"]
[EventType "swiss"]
[EventRounds "10"]
[EventCountry "POL"]
[SourceTitle "EXT 2023"]
[Source "ChessBase"]
[SourceDate "2022.10.05"]
[SourceVersion "1"]
[SourceVersionDate "2022.10.05"]
[SourceQuality "1"]

1. b4 d5 2. Bb2 Nf6 3. Nf3 Bf5 4. e3 e6 5. a3 Bd6 6. c4 c6 7. Be2 Nbd7 8. 0-0 0-0 9. d3 e5 10. Nc3 Qe7 11. cxd5 Nxd5 1/2-1/2

[Event "Warsaw Maciei Memorial"]
[Site "Warsaw"]
[Date "2022.07.08"]
[Round "1"]
[White "Socko, Bartosz"]
[Black "Safanowski, Tomasz"]
[Result "1-0"]
[WhiteElo "2630"]
[BlackElo "1683"]
[PlyCount "43"]
[EventDate "2022.07.08"]
[EventType "swiss (blitz)"]
[EventRounds "11"]
[EventCountry "POL"]
[SourceTitle "CBM 209 Extra"]
[Source "ChessBase"]
[SourceDate "2022.09.30"]
[SourceVersion "1"]
[SourceVersionDate "2022.09.30"]
[SourceQuality "1"]

1. e4 d6 2. d4 Nf6 3. Nc3 e5 4. Nge2 Be7 5. f3 0-0 6. Be3 c6 7. Qd2 Qc7 8. g4 Nbd7 9. Ng3 Nb6 10. g5 Ne8 11. 0-0-0 Be6 12. Nf5 d5 13. Nxe7+ Qxe7 14. dxe5 dxe4 15. Nxe4 Nd5 16. Bc5 Qc7 17. Bxf8 Kxf8 18. f4 Bf5 19. Ng3 Bg4 20. Be2 Bxe2 21. Nxe2 Rd8 22. c4 1-0

[Event "Warsaw YMCA Spring-B 258th"]
[Site "Warsaw"]
[Date "2022.05.26"]
[Round "8"]
[White "Safanowski, Tomasz"]
[Black "Matyszkiewicz, Wiktor"]
[Result "0-1"]
[WhiteElo "1671"]
[BlackElo "1777"]
[PlyCount "60"]
[EventDate "2022.04.07"]
[EventType "tourn"]
[EventRounds "11"]
[EventCountry "POL"]
[SourceTitle "EXT 2023"]
[Source "ChessBase"]
[SourceDate "2022.10.05"]
[SourceVersion "1"]
[SourceVersionDate "2022.10.05"]
[SourceQuality "1"]

1. c4 Nf6 2. g3 g6 3. Bg2 Bg7 4. Nc3 0-0 5. Nf3 d5 6. d4 c5 7. dxc5 Qa5 8. 0-0 dxc4 9. Qc2 Nc6 10. Be3 Bf5 11. Qa4 Qxa4 12. Nxa4 Nd5 13. Nd4 Nxe3 14. Nxc6 Nxf1 15. Nxe7+ Kh8 16. Nxf5 gxf5 17. Kxf1 Rab8 18. Rc1 b5 19. cxb6 axb6 20. Bd5 b5 21. Nc3 Rfd8 22. Bxf7 Rd2 23. a4 b4 24. Nb5 Rc8 25. b3 c3 26. Ke1 Rf8 27. Bc4 f4 28. Nc7 fxg3 29. hxg3 Rf5 30. Ne6 Rh5 0-1

[Event "Warsaw YMCA Spring-B 258th"]
[Site "Warsaw"]
[Date "2022.05.11"]
[Round "6"]
[White "Safanowski, Tomasz"]
[Black "Kuc, Mariusz"]
[Result "1-0"]
[WhiteElo "1671"]
[BlackElo "1727"]
[PlyCount "59"]
[EventDate "2022.04.07"]
[EventType "tourn"]
[EventRounds "11"]
[EventCountry "POL"]
[SourceTitle "EXT 2023"]
[Source "ChessBase"]
[SourceDate "2022.10.05"]
[SourceVersion "1"]
[SourceVersionDate "2022.10.05"]
[SourceQuality "1"]

1. d4 f5 2. g3 Nf6 3. Bg2 g6 4. c4 Bg7 5. Nc3 d6 6. Nf3 0-0 7. 0-0 Qe8 8. d5 a5 9. Be3 h6 10. Bd4 e5 11. dxe6 Bxe6 12. Nd5 Na6 13. Bxf6 Bxf6 14. Nd4 c6 15. Nxe6 Qxe6 16. Qd2 g5 17. h4 Kg7 18. Nxf6 Qxf6 19. hxg5 hxg5 20. Rad1 Rad8 21. f4 g4 22. e4 fxe4 23. Bxe4 Nc5 24. Bg2 Ne6 25. Qe2 Kf7 26. Qxg4 Rg8 27. Qh5+ Ke7 28. Rfe1 Kd7 29. Re3 Nc5 30. Qxc5 1-0

[Event "Warsaw YMCA Spring-B 258th"]
[Site "Warsaw"]
[Date "2022.04.07"]
[Round "1"]
[White "Safanowski, Tomasz"]
[Black "Basiaga, Sebastian"]
[Result "1/2-1/2"]
[WhiteElo "1671"]
[BlackElo "1775"]
[PlyCount "65"]
[EventDate "2022.04.07"]
[EventType "tourn"]
[EventRounds "11"]
[EventCountry "POL"]
[SourceTitle "EXT 2023"]
[Source "ChessBase"]
[SourceDate "2022.10.05"]
[SourceVersion "1"]
[SourceVersionDate "2022.10.05"]
[SourceQuality "1"]

1. f4 d5 2. Nf3 c5 3. e3 Nc6 4. Bb5 Bd7 5. 0-0 g6 6. d3 Bg7 7. e4 dxe4 8. dxe4 Qb6 9. Bxc6 Bxc6 10. e5 Nh6 11. Na3 0-0 12. Qe2 Nf5 13. Be3 Nxe3 14. Qxe3 Rac8 15. Nc4 Qa6 16. Ncd2 b6 17. Ne4 Qa4 18. Nc3 Qxc2 19. Rf2 Qf5 20. a4 Rfd8 21. Ng5 Rd3 22. Qe2 Rcd8 23. g4 Qc8 24. e6 f5 25. gxf5 gxf5 26. Qh5 h6 27. Qf7+ Kh8 28. Qg6 hxg5 29. Qh5+ Kg8 30. Qf7+ Kh8 31. Qh5+ Kg8 32. Qf7+ Kh8 33. Qh5+ 1/2-1/2

[Event "Warsaw YMCA Autumn-B 249th"]
[Site "Warsaw"]
[Date "2021.10.07"]
[Round "3"]
[White "Dabrowski, Leszek"]
[Black "Safanowski, Tomasz"]
[Result "0-1"]
[WhiteElo "1436"]
[BlackElo "1688"]
[PlyCount "114"]
[EventDate "2021.09.23"]
[EventType "tourn"]
[EventRounds "13"]
[EventCountry "POL"]
[SourceTitle "EXT 2023"]
[Source "ChessBase"]
[SourceDate "2022.10.05"]
[SourceVersion "1"]
[SourceVersionDate "2022.10.05"]
[SourceQuality "1"]

1. c4 Nf6 2. Nc3 e6 3. Nf3 c6 4. g3 d5 5. cxd5 cxd5 6. Bg2 Nc6 7. d4 Bd6 8. 0-0 b6 9. Bg5 0-0 10. e4 Be7 11. exd5 Nxd5 12. Nxd5 exd5 13. Bxe7 Qxe7 14. Re1 Qd6 15. Ne5 Na5 16. a3 f6 17. b4 Nb7 18. Nd3 Be6 19. Rc1 Bf7 20. a4 Rac8 21. Qg4 Rc4 22. Rxc4 dxc4 23. Nf4 Nd8 24. d5 c3 25. b5 Qb4 26. Qd1 c2 27. Qa1 Nb7 28. Rc1 Qd2 29. Be4 Rc8 30. Nd3 Rc4 31. f3 Rxe4 32. fxe4 Qxd3 33. Qb2 Qxe4 34. Qxc2 Qe3+ 35. Kf1 Bxd5 36. Qc8+ Kf7 37. Rc7+ Kg6 38. Qg4+ Qg5 39. Qd7 Qf5+ 40. Qxf5+ Kxf5 41. Rxg7 h5 42. Rd7 Be4 43. Ke2 Ke5 44. Ke3 f5 45. h3 Kf6 46. Kf4 Ke6 47. Rg7 Nc5 48. Rxa7 Bg2 49. h4 Bh3 50. a5 bxa5 51. b6 Kd6 52. Rxa5 Ne6+ 53. Ke3 Kc6 54. Re5 Kb7 55. Kf2 Nd8 56. Rd5 Nc6 57. Rd7+ Kb8 0-1

[Event "Warsaw YMCA Autumn-B 249th"]
[Site "Warsaw"]
[Date "2021.09.28"]
[Round "2"]
[White "Safanowski, Tomasz"]
[Black "Goral, Jan"]
[Result "1-0"]
[WhiteElo "1688"]
[BlackElo "1672"]
[PlyCount "75"]
[EventDate "2021.09.23"]
[EventType "tourn"]
[EventRounds "13"]
[EventCountry "POL"]
[SourceTitle "EXT 2023"]
[Source "ChessBase"]
[SourceDate "2022.10.05"]
[SourceVersion "1"]
[SourceVersionDate "2022.10.05"]
[SourceQuality "1"]

1. f4 e5 2. fxe5 d6 3. exd6 Bxd6 4. Nf3 g5 5. g3 g4 6. Nh4 Ne7 7. d4 Ng6 8. Nxg6 hxg6 9. Qd3 Nc6 10. c3 Bf5 11. e4 Qe7 12. Bg2 0-0-0 13. Be3 Be6 14. Bf2 f5 15. Nd2 f4 16. gxf4 Bxf4 17. Bg3 Ne5 18. Qe2 Bxd2+ 19. Kxd2 Qg5+ 20. Kc2 Bc4 21. Qd2 Qxd2+ 22. Kxd2 Nf3+ 23. Ke3 Rhf8 24. b3 Be6 25. Raf1 g5 26. d5 Bd7 27. Bxf3 gxf3 28. Rxf3 Rxf3+ 29. Kxf3 Rf8+ 30. Ke3 Bg4 31. Rg1 Rf3+ 32. Kd4 Bh5 33. c4 g4 34. c5 Kd7 35. e5 Bg6 36. e6+ Kc8 37. d6 Be8 38. Be5 1-0

[Event "Warsaw YMCA Autumn-B 249th"]
[Site "Warsaw"]
[Date "2021.09.23"]
[Round "1"]
[White "Safanowski, Tomasz"]
[Black "Kurowski, Maciej"]
[Result "0-1"]
[WhiteElo "1688"]
[BlackElo "1590"]
[PlyCount "90"]
[EventDate "2021.09.23"]
[EventType "tourn"]
[EventRounds "13"]
[EventCountry "POL"]
[SourceTitle "EXT 2023"]
[Source "ChessBase"]
[SourceDate "2022.10.05"]
[SourceVersion "1"]
[SourceVersionDate "2022.10.05"]
[SourceQuality "1"]

1. d4 d5 2. Nf3 Nf6 3. c4 c6 4. Nc3 e6 5. Bg5 Nbd7 6. e3 Qa5 7. Bxf6 Nxf6 8. Nd2 Be7 9. Bd3 0-0 10. 0-0 Qd8 11. Qe2 b6 12. Rfc1 Bb7 13. cxd5 Nxd5 14. Nxd5 Qxd5 15. Be4 Qd7 16. Qf3 Rac8 17. Nb3 f5 18. Bd3 c5 19. Qh3 Bf6 20. Bc4 cxd4 21. Nxd4 Bxd4 22. exd4 Bd5 23. Bxd5 Rxc1+ 24. Rxc1 Qxd5 25. Qb3 Qxb3 26. axb3 Rd8 27. Kf1 Rxd4 28. Rc8+ Kf7 29. Rc7+ Kf6 30. Rxa7 Rd3 31. Ra3 e5 32. Ke2 e4 33. f3 b5 34. f4 b4 35. Ra6+ Kf7 36. h4 Rxb3 37. h5 Rxb2+ 38. Kf1 e3 39. Ra7+ Ke6 40. Rxg7 b3 41. Rg3 Rf2+ 42. Ke1 Rxf4 43. Kd1 Rf1+ 44. Ke2 f4 45. Rg7 b2 0-1

[Event "Warsaw YMCA Spring-B 241st"]
[Site "Warsaw"]
[Date "2021.05.20"]
[Round "6"]
[White "Safanowski, Tomasz"]
[Black "Kwiek, Janusz"]
[Result "0-1"]
[WhiteElo "1749"]
[BlackElo "1498"]
[PlyCount "92"]
[EventDate "2021.04.15"]
[EventType "swiss"]
[EventRounds "11"]
[EventCountry "POL"]
[SourceTitle "EXT 2022"]
[Source "ChessBase"]
[SourceDate "2021.10.06"]
[SourceVersion "1"]
[SourceVersionDate "2021.10.06"]
[SourceQuality "1"]

1. d4 Nf6 2. Nf3 e6 3. c4 d5 4. Nc3 Be7 5. Bg5 0-0 6. e3 Nbd7 7. Rc1 c6 8. Bd3 h6 9. Bh4 a5 10. cxd5 exd5 11. 0-0 Ne4 12. Bxe7 Qxe7 13. Bxe4 dxe4 14. Nd2 f5 15. d5 Ne5 16. dxc6 bxc6 17. Qa4 Ba6 18. Rfd1 Qb4 19. a3 Qxa4 20. Nxa4 Be2 21. Nb3 Bxd1 22. Rxd1 Rfd8 23. Rc1 Rd6 24. Kf1 g6 25. Rc2 Kf7 26. Ke2 Ke7 27. f3 exf3+ 28. gxf3 g5 29. Rc5 Rd5 30. Rc3 Ra6 31. h3 h5 32. Nbc5 Ra7 33. Nb6 Rd8 34. f4 gxf4 35. exf4 Ng6 36. Re3+ Kf7 37. Ne6 Rb8 38. Nc4 Re7 39. Nd4 Nxf4+ 40. Kf3 Rxe3+ 41. Kxe3 Nd5+ 42. Kf3 Ne7 43. Kf4 Kf6 44. h4 c5 45. Ne2 Nd5+ 46. Kf3 a4 0-1

[Event "Warsaw YMCA Spring-B 241st"]
[Site "Warsaw"]
[Date "2021.05.14"]
[Round "5"]
[White "Dropia, Rafal"]
[Black "Safanowski, Tomasz"]
[Result "0-1"]
[WhiteElo "1576"]
[BlackElo "1749"]
[PlyCount "154"]
[EventDate "2021.04.15"]
[EventType "swiss"]
[EventRounds "11"]
[EventCountry "POL"]
[SourceTitle "EXT 2022"]
[Source "ChessBase"]
[SourceDate "2021.10.06"]
[SourceVersion "1"]
[SourceVersionDate "2021.10.06"]
[SourceQuality "1"]

1. d4 d6 2. c4 e5 3. d5 f5 4. e4 Nf6 5. Nc3 Be7 6. Bd3 0-0 7. exf5 e4 8. Nxe4 Nxe4 9. Bxe4 Bf6 10. Qc2 Qe7 11. Ne2 Re8 12. f3 Na6 13. 0-0 Bxf5 14. Bxf5 Nb4 15. Qd1 Qxe2 16. Be6+ Rxe6 17. dxe6 Qxe6 18. a3 Nc6 19. Qd5 Qxd5 20. cxd5 Nd4 21. Rb1 Re8 22. Bd2 Re5 23. Rfe1 Rxd5 24. Bc3 b5 25. Re4 Kf7 26. Kf2 c5 27. Rd1 Rh5 28. Rh1 d5 29. Ree1 a5 30. Rb1 b4 31. axb4 axb4 32. Bxd4 Bxd4+ 33. Ke2 Rh6 34. Kd2 c4 35. b3 Bc3+ 36. Kd1 cxb3 37. Rxb3 Ra6 38. Rxc3 bxc3 39. Kc2 Ra2+ 40. Kxc3 Rxg2 41. Kd4 Ke6 42. h4 Rd2+ 43. Ke3 Ra2 44. Rg1 Ra3+ 45. Ke2 Ra2+ 46. Ke3 Rh2 47. Rxg7 Rxh4 48. Rg5 h6 49. Rg8 d4+ 50. Kd3 Ke5 51. Rf8 h5 52. Rf7 Rf4 53. Re7+ Kf5 54. Rg7 Rxf3+ 55. Kxd4 Ra3 56. Rg8 Kf4 57. Rh8 Kg4 58. Rg8+ Kh3 59. Ke4 h4 60. Kf4 Kh2 61. Rb8 Rg3 62. Rb2+ Rg2 63. Rb1 Ra2 64. Kg4 h3 65. Rc1 Kg2 66. Rc3 Ra4+ 67. Kg5 Re4 68. Rc2+ Kf3 69. Kf5 Re8 70. Kg5 Re2 71. Rc3+ Re3 72. Rc4 h2 73. Rc1 Kg2 74. Rc2+ Kg1 75. Rc1+ Kf2 76. Kg4 Re1 77. Rc2+ Kg1 0-1

[Event "Warsaw YMCA Winter-B 237th"]
[Site "Warsaw"]
[Date "2021.03.04"]
[Round "7"]
[White "Safanowski, Tomasz"]
[Black "Leszczynski, Bartosz"]
[Result "1/2-1/2"]
[WhiteElo "1832"]
[BlackElo "1841"]
[PlyCount "40"]
[EventDate "2021.01.21"]
[EventType "tourn"]
[EventRounds "11"]
[EventCountry "POL"]
[SourceTitle "EXT 2022"]
[Source "ChessBase"]
[SourceDate "2021.10.06"]
[SourceVersion "1"]
[SourceVersionDate "2021.10.06"]
[SourceQuality "1"]

1. f4 d5 2. Nf3 Nf6 3. e3 g6 4. Be2 Bg7 5. 0-0 0-0 6. d3 c5 7. Nc3 Nc6 8. e4 dxe4 9. dxe4 e6 10. Qxd8 Rxd8 11. e5 Nd5 12. Ne4 b6 13. Rd1 Nde7 14. Rxd8+ Nxd8 15. Nd6 Bd7 16. a4 Bc6 17. a5 Nf5 18. Nxf5 exf5 19. Be3 Ne6 20. Bc4 h6 1/2-1/2

[Event "Warsaw YMCA Autumn-B 237th"]
[Site "Warsaw"]
[Date "2020.12.03"]
[Round "10"]
[White "Matyszkiewicz, Wiktor"]
[Black "Safanowski, Tomasz"]
[Result "0-1"]
[WhiteElo "1803"]
[BlackElo "1821"]
[PlyCount "62"]
[EventDate "2020.09.24"]
[EventType "swiss"]
[EventRounds "12"]
[EventCountry "POL"]
[SourceTitle "EXT 2022"]
[Source "ChessBase"]
[SourceDate "2021.10.06"]
[SourceVersion "1"]
[SourceVersionDate "2021.10.06"]
[SourceQuality "1"]

1. e4 e6 2. d4 d5 3. Nc3 Nf6 4. Bg5 Be7 5. e5 Nfd7 6. Bxe7 Qxe7 7. f4 0-0 8. Nf3 c5 9. Qd2 Nc6 10. 0-0-0 a6 11. Kb1 b5 12. dxc5 b4 13. Ne2 Nxc5 14. Ned4 Nxd4 15. Nxd4 Ne4 16. Qe3 f5 17. Bd3 Bd7 18. Rhg1 a5 19. Bxe4 fxe4 20. Rd2 a4 21. Rc1 a3 22. b3 Rac8 23. c3 Rxc3 24. Rxc3 bxc3 25. Rc2 Qb4 26. g3 Rc8 27. f5 Qc5 28. Qg5 Qxd4 29. f6 Qd1+ 30. Rc1 c2+ 31. Ka1 Qd4# 0-1

[Event "Warsaw YMCA Winter-B 225th"]
[Site "Warsaw"]
[Date "2020.01.16"]
[Round "2"]
[White "Kalejta, Arkadiusz"]
[Black "Safanowski, Tomasz"]
[Result "1-0"]
[WhiteElo "1774"]
[BlackElo "1834"]
[PlyCount "107"]
[EventDate "2020.01.09"]
[EventType "tourn"]
[EventRounds "13"]
[EventCountry "POL"]
[SourceTitle "CBM 195 Extra"]
[Source "ChessBase"]
[SourceDate "2020.05.31"]
[SourceVersion "1"]
[SourceVersionDate "2020.05.31"]
[SourceQuality "1"]

1. e4 e6 2. d4 d5 3. Nd2 Nf6 4. e5 Nfd7 5. Bd3 b6 6. Ne2 c5 7. c3 Ba6 8. Bxa6 Nxa6 9. 0-0 Be7 10. Nf4 g6 11. Qg4 Rc8 12. Nf3 b5 13. h4 cxd4 14. cxd4 Nb4 15. h5 g5 16. Nh3 h6 17. Be3 Nb6 18. Ne1 Kd7 19. Qe2 a6 20. a3 Nc6 21. Nd3 Nc4 22. b3 N4a5 23. Qb2 b4 24. axb4 Nxb4 25. Nxb4 Bxb4 26. Rac1 Qb6 27. f4 g4 28. Nf2 Rxc1 29. Rxc1 g3 30. Nd3 Rc8 31. Rxc8 Kxc8 32. Qc2+ Kd7 33. f5 Bf8 34. fxe6+ fxe6 35. Nc1 Qb4 36. Qd2 Qxd2 37. Bxd2 Ba3 38. Bxh6 Ke7 39. Bd2 Bxc1 40. Bxa5 Be3+ 41. Kf1 Bxd4 42. Bc7 Kf7 43. Ke2 Kg7 44. Kf3 Bf2 45. Bd8 Kh6 46. Kg4 d4 47. Bg5+ Kh7 48. Bd2 d3 49. Kf3 Bd4 50. Kxg3 Bxe5+ 51. Kf3 Bg7 52. Ke4 Bh6 53. Kxd3 e5 54. Bxh6 1-0

[Event "Warsaw YMCA Autumn-A 220th"]
[Site "Warsaw"]
[Date "2019.09.27"]
[Round "2"]
[White "Matyszkiewicz, Wiktor"]
[Black "Safanowski, Tomasz"]
[Result "0-1"]
[WhiteElo "1844"]
[BlackElo "1841"]
[PlyCount "70"]
[EventDate "2019.09.20"]
[EventType "tourn"]
[EventRounds "13"]
[EventCountry "POL"]
[SourceTitle "CBM 195 Extra"]
[Source "ChessBase"]
[SourceDate "2020.05.31"]
[SourceVersion "1"]
[SourceVersionDate "2020.05.31"]
[SourceQuality "1"]

1. e4 e6 2. d4 d5 3. Nc3 Nf6 4. Bg5 Be7 5. e5 Nfd7 6. Bxe7 Qxe7 7. f4 a6 8. Nf3 c5 9. Qd2 Nc6 10. 0-0-0 b5 11. dxc5 Qxc5 12. Kb1 Nb6 13. Nd4 Nxd4 14. Qxd4 Qxd4 15. Rxd4 Bd7 16. Ne2 Ke7 17. b3 f6 18. Rd2 b4 19. Nd4 a5 20. Bd3 fxe5 21. fxe5 Raf8 22. Kb2 Rf4 23. Bb5 Rxd4 24. Rxd4 Bxb5 25. Rf4 Rc8 26. Re1 Be8 27. Re3 Nd7 28. c3 bxc3+ 29. Rxc3 Rxc3 30. Kxc3 Nxe5 31. a3 g5 32. Rf1 Bb5 33. Re1 Kd6 34. b4 a4 35. Re3 h5 0-1